|
|
|
|
| LEADER |
00000nam0a2200000 4500 |
| 001 |
313180 |
| 005 |
20240118100111.0 |
| 010 |
|
|
|a 9785991670517
|
| 035 |
|
|
|a (RuTPU)RU\TPU\book\338564
|
| 090 |
|
|
|a 313180
|
| 100 |
|
|
|a 20160115d2016 m y0rusy50 ca
|
| 101 |
0 |
|
|a rus
|
| 102 |
|
|
|a RU
|
| 105 |
|
|
|a a j 001zy
|
| 200 |
1 |
|
|a Информатика. Углубленный курс
|e учебное пособие для прикладного бакалавриата
|f О. Е. Мойзес, Е. А. Кузьменко
|g Национальный исследовательский Томский политехнический университет (ТПУ)
|
| 210 |
|
|
|a Москва
|c Юрайт
|d 2016
|
| 215 |
|
|
|a 158 с.
|c ил.
|
| 225 |
1 |
|
|a Университеты России
|
| 320 |
|
|
|a Библиогр.: с. 142.
|
| 330 |
|
|
|a Серия «Университеты России» позволит высшим учебным заведениям нашей страны использовать в образовательном процессе учебники и учебные пособия по различным дисциплинам, подготовленные преподавателями лучших университетов России и впервые опубликованные в издательствах университетов. Все представленные в этой серии учебники прошли экспертную оценку учебно-методического отдела издательства и публикуются в оригинальной редакции.Пособие содержит основные сведения о численных методах. Излагаемый материал сопровождается большим количеством примеров вычислений и обработки опытных данных. Приведены примеры и алгоритмы для решения химических задач на ЭВМ с применением численных методов, а также программы на языке Паскаль. В сжатой форме описана технология работы с программой Microsoft Excel, рассматриваются различные варианты выполнения действий с табличными данными Excel.Предназначено для студентов, обучающихся по направлениям «Энерго- и ресурсосберегающие процессы в химической техгюлогии. нефтехимии и биотехнологии», «Химическая технология» и «Биотехнология».-
|
| 606 |
1 |
|
|a Информатика
|2 stltpush
|3 (RuTPU)RU\TPU\subj\36202
|
| 606 |
1 |
|
|a Численные методы
|2 stltpush
|3 (RuTPU)RU\TPU\subj\18757
|9 44131
|
| 610 |
1 |
|
|a приближенные числа
|
| 610 |
1 |
|
|a нелинейные уравнения
|
| 610 |
1 |
|
|a системы линейных уравнений
|
| 610 |
1 |
|
|a решение
|
| 610 |
1 |
|
|a экспериментальные данные
|
| 610 |
1 |
|
|a приближенное дифференцирование
|
| 610 |
1 |
|
|a численное интегрирование
|
| 610 |
1 |
|
|a обыкновенные дифференциальные уравнения
|
| 610 |
1 |
|
|a углубленный курс
|
| 610 |
1 |
|
|a учебные пособия
|
| 610 |
1 |
|
|a труды учёных ТПУ
|
| 675 |
|
|
|a 004(075.8)
|v 4
|
| 675 |
|
|
|a 519.6(075.8)
|v 4
|
| 700 |
|
1 |
|a Мойзес
|b О. Е.
|c химик-технолог, специалист в области информатики и вычислительной техники
|c доцент Томского политехнического университета, кандидат технических наук
|f 1950-
|g Ольга Ефимовна
|3 (RuTPU)RU\TPU\pers\25862
|9 11730
|
| 701 |
|
1 |
|a Кузьменко
|b Е. А.
|c химик-технолог
|c доцент Томского политехнического университета, кандидат технических наук
|f 1958-
|g Елена Анатольевна
|3 (RuTPU)RU\TPU\pers\25858
|9 11727
|
| 712 |
0 |
2 |
|a Национальный исследовательский Томский политехнический университет (ТПУ)
|c (2009- )
|3 (RuTPU)RU\TPU\col\15902
|
| 801 |
|
1 |
|a RU
|b 63413507
|c 20160115
|
| 801 |
|
2 |
|a RU
|b 63413507
|c 20160303
|g RCR
|
| 942 |
|
|
|c BK
|